000 00720nam a2200229Ia 4500
005 20221116105609.0
008 131103s9999 xx 000 0 und d
020 _a8178241544
_cRs 395
040 _aLoreto College
041 _aEnglish
082 _a954.03
_bFIS
100 _aFisher, Michael H
245 _aCounterflows to colonialism
_b Indian travellers and settlers in Britain 1600-1857
_cMichael H Fisher
260 _aDelhi
_bPermanent Black
_c2004
300 _axv,487p
504 _aIncludes bibliographical references and index
630 _aTravelling - India 1600-1857
650 _aColonialism, Britain, India 1600-1857
651 _aIndia - History 1600-1857
850 _aLCLIB
942 _cBK
999 _c20146
_d70625